Jürgen Klinsmann's Bayern - Statistics

General Stats
  • This quiz has been taken 16 times
  • The average score is 20 of 23
Answer Stats
Rank Player Position Nationality Matches Goals Assists % Correct
3 Bastian Schweinsteiger Central Midfield 39 8 14
100%
16 Daniel Van Buyten Centre-Back 21 4 1
100%
10 Franck Ribéry Left Winger 32 12 18
100%
11 Luca Toni Centre-Forward 30 16 10
100%
1 Lúcio Centre-Back 39 2 2
100%
5 Mark van Bommel Central Midfield 36 2 1
100%
7 Martín Demichelis Centre-Back 35 3 1
100%
2 Zé Roberto Left Midfield 39 7 12
100%
18 Hamit Altıntop Right Midfield 16 1 2
93%
21 Landon Donovan Centre-Forward 7 0 0
93%
6 Miroslav Klose Centre-Forward 35 20 11
93%
8 Philipp Lahm Right-Back 34 4 2
93%
23 Thomas Müller Second Striker 3 1 0
93%
22 Hans Jörg Butt Goalkeeper 6 0 1
87%
17 José Sosa Attacking Midfield 17 1 0
87%
4 Michael Rensing Goalkeeper 37 0 0
87%
12 Andreas Ottl Defensive Midfield 29 0 1
73%
19 Breno Centre-Back 9 0 0
73%
15 Massimo Oddo Right-Back 25 0 6
73%
13 Christian Lell Right-Back 27 0 2
67%
14 Lukas Podolski Centre-Forward 26 7 3
67%
9 Tim Borowski Central Midfield 33 7 1
60%
20 Toni Kroos Central Midfield 9 1 1
60%
No matching quizzes found
Score Distribution
Percent of People with Each Score
Percentile by Number Answered
Your Score History
You have not taken this quiz